Smith and Others v Littlewoods Organisation Ltd ; Maloco v Littlewoods Organisation Ltd (Record no. 2754)
[ view plain ]
| 000 -LEADER | |
|---|---|
| fixed length control field | 01517cab a2200193 4500 |
| 001 - CONTROL NUMBER | |
| control field | ABS37446 |
| 008 - FIXED-LENGTH DATA ELEMENTS--GENERAL INFORMATION | |
| fixed length control field | 090401t1987 xxu||||| |||| 00| 0 eng d |
| 035 ## - SYSTEM CONTROL NUMBER | |
| System control number | (Sirsi) u4559 |
| 041 ## - LANGUAGE CODE | |
| Language code of text/sound track or separate title | eng |
| 245 ## - TITLE STATEMENT | |
| Title | Smith and Others v Littlewoods Organisation Ltd ; Maloco v Littlewoods Organisation Ltd |
| 260 ## - PUBLICATION, DISTRIBUTION, ETC. | |
| Date of publication, distribution, etc. | 1987 |
| 350 ## - PRICE (NR) (BK AM CF MU VM SE) [OBSOLETE] | |
| Price | 0 |
| 490 ## - SERIES STATEMENT | |
| Series statement | Weekly Law Reports |
| Volume/sequential designation | 1987 WLR 480-512(33) |
| 520 ## - SUMMARY, ETC. | |
| Summary, etc. | HL 5 February 1987. The defenders bought a cinema in Dunfermline in 1976, with the intention of demolishing it and replacing it with a supermarket . After some initial work, the cinema was left empty and unattended. On several occasions vandalism took place, including an attempt to light a fire in the cinema. In July 1976 a fire was deliberately started in the cinema, resulting in the burning down of the cinema, causing serious damage to adjoining properties. The owners of these properties brought actions agains the defenders for damages claiming that the damage had been caused by their negligence . The Lord Ordinary held in favour of the owners, but the defenders appealed successfully to the First Division of the Inner House of the Court of Session. On appeal by the owners, HL held that as the defenders had not known of the previous acts of vandalism in the cinema involving fire and since the cinema had not otherwise presented an obvious fire risk, they had not been under any duty t |
| 650 ## - SUBJECT ADDED ENTRY--TOPICAL TERM | |
| Topical term or geographic name entry element | DUTY OF CARE |
| 690 ## - LOCAL SUBJECT ADDED ENTRY--TOPICAL TERM (OCLC, RLIN) | |
| Topical term or geographic name as entry element | PROPERTY LAW AND PRACTICE-CASE LAW |
| 942 ## - ADDED ENTRY ELEMENTS (KOHA) | |
| Suppress in OPAC | 0 |
| 948 ## - LOCAL PROCESSING INFORMATION (OCLC); SERIES PART DESIGNATOR (RLIN) | |
| c (OCLC) | 04/03/1997 |
| Withdrawn status | Lost status | Source of classification or shelving scheme | Damaged status | Not for loan | Home library | Current library | Shelving location | Date acquired | Total Checkouts | Full call number | Barcode | Date last seen | Copy number | Price effective from | Koha item type |
|---|---|---|---|---|---|---|---|---|---|---|---|---|---|---|---|
| Dewey Decimal Classification | London | London | Journal article | 14/09/1999 | ABS37446 | 4559-1001 | 06/08/2019 | 1 | 06/08/2019 | Law report |